| 000 | 00452cam a22001217a 4500 | ||
|---|---|---|---|
| 008 | 180718b1970 xxu||||| |||| 00| 0 eng d | ||
| 082 | _aL231x42 Un3 | ||
| 245 |
_aRates and rateable values in England and Wales _cby Department of the environment and welsh office |
||
| 260 |
_aLondon _bHer Majesty's Stationery Office _c1970 |
||
| 300 | _a90p | ||
| 650 | _aReal property tax --Great Britain. | ||
| 700 | _aU.K. Department of the environment and welsh office | ||
| 999 |
_c414339 _d414339 |
||